| 000 | 00822nam a22001697a 4500 | ||
|---|---|---|---|
| 005 | 20250916175957.0 | ||
| 008 | 240322b ||||| |||| 00| 0 eng d | ||
| 082 | _aDPer 621.381 In821 September 2022 v. 37 n. 9 | ||
| 100 |
_aZawaideh, Ayman Al. _eauthor. _955242 |
||
| 245 |
_aAnalysis of stability and performance of a cascaded PI sliding-mode control DC–DC boost converter via LPRS / _cAyman Al Zawaideh and Igor M. Boiko. |
||
| 260 |
_aNew York ; _bThe Institute of Electrical and Electronics Engineers, Inc. , _cSeptember 2022. |
||
| 300 |
_aVolume 37, pages 10455-10465 : _billustration ; _c28 cm. |
||
| 500 | _aIEEE Transitions on Power Electronics, v. 37 n. 9, pages 10455-10465, September 2022. | ||
| 700 |
_aZawaideh, Ayman Al. _eauthor. _955242 |
||
| 700 |
_aBoiko, Igor M. _eauthor. _955243 |
||
| 942 |
_2ddc _cPER |
||
| 999 |
_c19813 _d19813 |
||